000 00473nam a2200205Ia 4500
003 OSt
005 20230317101847.0
008 210423s2010 xx 000 0 und d
020 _a9789380156842
040 _cAL
041 _aeng
082 _a574.19254 BHUS
100 _aBHUTANI (S P).
_941975
245 _aCarbohydrates.
260 _aNew Delhi
_bAne Books
_c2010
300 _ax,125
_bPB
365 _b195
_cINR
906 _aCarbohydrates.
942 _2ddc
_cBK
999 _c154659
_d154659